Dickson on principles of security law : (Record no. 97)
[ view plain ]
| 000 -LEADER | |
|---|---|
| fixed length control field | 01098cam a2200241 i 4500 |
| 001 - CONTROL NUMBER | |
| control field | 19459064 |
| 005 - DATE AND TIME OF LATEST TRANSACTION | |
| control field | 20241021104116.0 |
| 008 - FIXED-LENGTH DATA ELEMENTS--GENERAL INFORMATION | |
| fixed length control field | 170123s2016 gh 000 0 eng |
| 020 ## - INTERNATIONAL STANDARD BOOK NUMBER | |
| International Standard Book Number | 9789988856755 |
| 050 00 - LIBRARY OF CONGRESS CALL NUMBER | |
| Classification number | KRX2160 / KTA3411 |
| Item number | .D535 2016 / .D54 2016 |
| 100 1# - MAIN ENTRY--PERSONAL NAME | |
| Personal name | Dickson, Osei Bonsu. |
| 245 10 - TITLE STATEMENT | |
| Title | Dickson on principles of security law : |
| Remainder of title | text, cases and materials : law for security and intelligence professionals / |
| Statement of responsibility, etc. | Osei Bonsu Dickson with foreword by Tad Oelstrom, Harvard University ; introduction by Francis Poku, former minister of national security. |
| 260 ## - PUBLICATION, DISTRIBUTION, ETC. | |
| Place of publication, distribution, etc. | Accra, Ghana |
| Name of publisher, distributor, etc. | Icon Publishing Ltd |
| Date of publication, distribution, etc. | c2016 |
| 300 ## - PHYSICAL DESCRIPTION | |
| Extent | xx, 352 pages ; |
| Dimensions | 23 cm |
| Other physical details | Illustrations, Glossary of Legal Terms |
| 500 ## - GENERAL NOTE | |
| General note | "Lex Mundus & Cencla, academica." |
| 650 #0 - SUBJECT ADDED ENTRY--TOPICAL TERM | |
| Topical term or geographic name entry element | Internal security |
| General subdivision | Law and legislation |
| Geographic subdivision | Ghana. |
| 650 #0 - SUBJECT ADDED ENTRY--TOPICAL TERM | |
| Topical term or geographic name entry element | Intelligence service |
| General subdivision | Law and legislation |
| Geographic subdivision | Ghana. |
| 650 #0 - SUBJECT ADDED ENTRY--TOPICAL TERM | |
| Topical term or geographic name entry element | National security |
| General subdivision | Law and legislation. |
| 650 #0 - SUBJECT ADDED ENTRY--TOPICAL TERM | |
| Topical term or geographic name entry element | Intelligence service |
| General subdivision | Law and legislation. |
| 650 #0 - SUBJECT ADDED ENTRY--TOPICAL TERM | |
| Topical term or geographic name entry element | Terrorism |
| General subdivision | Prevention |
| -- | Law and legislation. |
| 650 #0 - SUBJECT ADDED ENTRY--TOPICAL TERM | |
| Topical term or geographic name entry element | Rule of law. |
| 942 ## - ADDED ENTRY ELEMENTS (KOHA) | |
| Source of classification or shelving scheme | Library of Congress Classification |
| Koha item type | Books |
| Suppress in OPAC | No |
| 999 ## - | |
| -- | 97 |
| -- | 97 |
| Withdrawn status | Lost status | Source of classification or shelving scheme | Damaged status | Not for loan | Collection | Home library | Current library | Shelving location | Date acquired | Total checkouts | Full call number | Barcode | Date last seen | Copy number | Price effective from | Koha item type |
|---|---|---|---|---|---|---|---|---|---|---|---|---|---|---|---|---|
| Library of Congress Classification | Non-fiction | Law Library (Miotso) | Law Library (Miotso) | Reference | 10/21/2024 | KTA3411.D54 DIC | llm00000182 | 10/21/2024 | 1 | 10/21/2024 | Books | |||||
| Library of Congress Classification | Non-fiction | Law Library (Miotso) | Law Library (Miotso) | Reference | 10/21/2024 | KTA3411.D54 DIC | llm00000184 | 10/21/2024 | 2 | 10/21/2024 | Books | |||||
| Library of Congress Classification | Non-fiction | Law Library (Miotso) | Law Library (Miotso) | General stacks | 11/16/2024 | KTA3411.D54 DIC | LLM00001046 | 11/16/2024 | 3 | 11/16/2024 | Books | |||||
| Library of Congress Classification | Non-fiction | Law Library (Miotso) | Law Library (Miotso) | General stacks | 11/16/2024 | KTA3411.D54 DIC | LLM00001047 | 11/16/2024 | 4 | 11/16/2024 | Books | |||||
| Library of Congress Classification | Non-fiction | Law Library (Miotso) | Law Library (Miotso) | General stacks | 11/16/2024 | KTA3411.D54 DIC | LLM00001048 | 11/16/2024 | 5 | 11/16/2024 | Books | |||||
| Library of Congress Classification | Non-fiction | Law Library (Miotso) | Law Library (Miotso) | General stacks | 11/16/2024 | KTA3411.D54 DIC | LLM00001049 | 11/16/2024 | 6 | 11/16/2024 | Books | |||||
| Library of Congress Classification | Non-fiction | Law Library (Miotso) | Law Library (Miotso) | General stacks | 11/16/2024 | KTA3411.D54 DIC | LLM00001050 | 11/16/2024 | 7 | 11/16/2024 | Books | |||||
| Library of Congress Classification | Non-fiction | Law Library (Miotso) | Law Library (Miotso) | General stacks | 11/16/2024 | KTA3411.D54 DIC | LLM00001051 | 11/16/2024 | 8 | 11/16/2024 | Books | |||||
| Library of Congress Classification | Non-fiction | Law Library (Miotso) | Law Library (Miotso) | General stacks | 11/16/2024 | KTA3411.D54 DIC | LLM00001052 | 11/16/2024 | 9 | 11/16/2024 | Books | |||||
| Library of Congress Classification | Non-fiction | Law Library (Miotso) | Law Library (Miotso) | General stacks | 11/16/2024 | KTA3411.D54 DIC | LLM00001053 | 11/16/2024 | 9 | 11/16/2024 | Books |